000 00543nam a2200181Ia 4500
003 OSt
005 20221007083123.0
006 a|||||r|||| 00| 0
007 ta
008 221006b |||||||| |||| 00| 0 eng d
024 _a22,847
037 _cDissertations
040 _aFLL
_cFLL
_beng
041 _2eng
_aeng
245 0 _aRule of audi alteram partem with special reference to disciplinary proceedings against civil servants under article 311(2) of the Indian constitution.
942 _cDIS
_2CC
999 _c1168882
_d1168882